| 000 | 03113ngm a2200781 a 4500 | ||
|---|---|---|---|
| 005 | 20260322212023.0 | ||
| 007 | data | ||
| 008 | data | ||
| 020 |
_a0123145430 : _c{dollar}29.98 |
||
| 020 |
_a9780123145437 : _c{dollar}29.98 |
||
| 024 | 1 | _a191329041161 | |
| 028 | 4 | 0 |
_a61193668 _bUniversal |
| 028 | 4 | 0 |
_a1062663 _bUniversal |
| 028 | 4 | 0 |
_a2082524 _bUniversal |
| 028 | 4 | 0 |
_a2082521 _bUniversal |
| 028 | 4 | 0 |
_a2106172 _bUniversal |
| 040 |
_aPABRO _beng _cPABRO |
||
| 041 | 1 |
_aspa _afre _aspa _bspa _bfre _bspa _heng |
|
| 050 | 4 |
_aPN1997.2 _b.M36 2018 |
|
| 082 | 0 | 4 |
_a[Fic] _223 |
| 090 | _aDVD 656 | ||
| 245 | 1 | 0 |
_aMamma mia! Here we go again. _h[videorecording] / _cChristine Baranski ... [et al.]. |
| 250 | _aWidescreen. | ||
| 250 | _aSing-along edition. | ||
| 260 |
_aUniversal City, CA : _bUniversal, _c2018. |
||
| 300 |
_a1 videodisc (1 hr., 54 min.) : _bsd., col. ; _c4 3/4 in. |
||
| 306 | _a015400 | ||
| 500 | _aOriginally produced as a motion picture. | ||
| 500 | _aAlso includes theatrical version. | ||
| 500 | _aBased on the original musical "Mamma mia!" written by Catherine Johnson. | ||
| 500 | _aBased on the songs of ABBA. | ||
| 508 | _aDirector of photography, Robert Yeoman ; editor, Peter Lambert ; music and lyrics by Benny Andersson, Bjorn Ulvaeus ; score by Anne Dudley. | ||
| 511 | 1 | _aChristine Baranski, Pierce Brosnan, Dominic Cooper, Colin Firth, Andy Garcia, Lily James, Amanda Seyfried, Stellan Skarsgard, Julie Walters, Cher, Meryl Streep. | |
| 520 | _aPublisher Annotation: Five years after the events of Mamma Mia! (2008), Sophie prepares for the grand reopening of the Hotel Bella Donna as she learns more about her mother's past. | ||
| 521 | 8 | _aMPAA rating: PG-13. | |
| 538 | _aDual layer DVD; Dolby digital 5.1 (English, Spanish, French); English DVS Dolby digital 2.0; NTSC 1; anamorphic widescreen (2.40:1). | ||
| 540 | _aFor private home use only. | ||
| 546 | _aSoundtrack in English, Spanish, or French; subtitles in English, Spanish, or French. | ||
| 546 | _aSubtitles for the deaf and hearing impaired (SDH). | ||
| 546 | _aAudio described. | ||
| 650 | 0 |
_aHotels _vDrama. |
|
| 650 | 0 | _aRomantic comedy films. | |
| 650 | 0 | _aFeature films. | |
| 650 | 0 | _aVideo recordings for the hearing impaired. | |
| 650 | 0 | _aVideo recordings for people with visual disabilities. | |
| 700 | 1 | _aBaranski, Christine. | |
| 700 | 1 | _aBrosnan, Pierce. | |
| 700 | 1 |
_aCooper, Dominic, _d1978- |
|
| 700 | 1 |
_aFirth, Colin, _d1960- |
|
| 700 | 1 | _aGarcia, Andy. | |
| 700 | 1 |
_aJames, Lily, _d1989- |
|
| 700 | 1 | _aSeyfried, Amanda. | |
| 700 | 1 | _aSkarsgard, Stellan. | |
| 700 | 1 |
_aWalters, Julie, _d1950- |
|
| 700 | 1 |
_aCher, _d1946- |
|
| 700 | 1 | _aStreep, Meryl. | |
| 700 | 1 | _aCraymer, Judy. | |
| 700 | 1 |
_aGoetzman, Gary, _d1952- |
|
| 700 | 1 |
_aCurtis, Richard, _d1956- |
|
| 700 | 1 |
_aParker, Ol, _d1969- |
|
| 700 | 1 |
_aJohnson, Catherine, _d1957- |
|
| 700 | 1 |
_aAndersson, Benny. _tMamma mia! (Musical) |
|
| 700 | 1 | _aUlvaeus, Bjorn. | |
| 700 | 1 |
_aDudley, Anne, _d1956- |
|
| 710 | 2 | _aUniversal Pictures (Firm) | |
| 710 | 2 | _aABBA (Musical group) | |
| 001 | data | ||
| 999 |
_c514 _d514 |
||